| 000 | 01244nasaa2200337 i 4500 | ||
|---|---|---|---|
| 003 | EG-GICUC | ||
| 005 | 20260407150559.0 | ||
| 008 | 150330c19589999ua tr p 000 f0ara d | ||
| 022 | _a0028-0054 | ||
| 040 |
_aEG-GiCUC _bara _cEG-GiCUC _erda |
||
| 041 | 0 | _aara | |
| 049 | _aإشتراك | ||
| 092 | 0 | 4 |
_a345.05 _bM233 _221 |
| 099 | _a345.05 M233 | ||
| 245 | 0 | 2 | _aالمجلة الجنائية القومية |
| 246 | 1 | 5 | _aNational review of criminal science |
| 264 | 1 |
_aالقاهرة: _bالمركز القومي للبحوث الإجتماعية والجنائية، _c1958- |
|
| 300 |
_aمجلد : _bايضاحيات؛ _c25سم |
||
| 310 | _aثلاث مرات فى السنة | ||
| 336 |
_atext _2rda content |
||
| 337 |
_aUnmediated _2rdamedia |
||
| 338 |
_avolume _2rdacarrier |
||
| 362 | 1 | _aصدر العدد.1(1958) | |
| 500 | _aبعض الاعداد تصدر مزدوجة | ||
| 541 | _aإشتراك | ||
| 588 | _5المجلد الرابع والخمسون،العدد الثانى يوليو(2011) | ||
| 650 | 7 |
_aالقانون الجنائى _zمصر _vدوريات _2qrmak |
|
| 710 | 2 | _aالمركز القومي للبحوث الاجتماعية والجنائية | |
| 905 |
_asozan _eAbeer |
||
| 942 |
_cCR _n0 |
||
| 999 |
_c138695 _d138695 |
||